Giải phóng mặt bằng ở Hà Nội Hệ lụy và hướng giải quyết
TM tài liệu tham khảo tr.183- 188; Gồm 3 chương: Các vấn đề chung về giải phóng mặt bằng và hậu giải phóng mặt bằng; đánh giá những vấn đề gải phóng mặt bằng và hậu giải phóng mặt bằng trên địa bàn Hà Nội; phương hướng và giải pháp n...
محفوظ في:
| مؤلفون آخرون: | |
|---|---|
| التنسيق: | كتاب |
| اللغة: | Undetermined |
| منشور في: |
H.
Chính trị Quốc gia - Sự thật
2012
|
| الموضوعات: | |
| الوصول للمادة أونلاين: | http://lrc.tdmu.edu.vn/opac/search/detail.asp?aID=2&ID=16962 |
| الوسوم: |
إضافة وسم
لا توجد وسوم, كن أول من يضع وسما على هذه التسجيلة!
|
| Thư viện lưu trữ: | Trung tâm Học liệu Trường Đại học Thủ Dầu Một |
|---|
| LEADER | 01491nam a2200217Ia 4500 | ||
|---|---|---|---|
| 001 | TDMU_16962 | ||
| 008 | 210410s9999 xx 000 0 und d | ||
| 082 | |a 307.7609 59731 | ||
| 090 | |b NG527 | ||
| 245 | 0 | |a Giải phóng mặt bằng ở Hà Nội | |
| 245 | 0 | |b Hệ lụy và hướng giải quyết | |
| 245 | 0 | |c Nguyễn Chí Mỳ, Hoàng Ngọc Bắc, Hoàng Xuân Nghĩa...[và nh.ng.khác] | |
| 260 | |a H. | ||
| 260 | |b Chính trị Quốc gia - Sự thật | ||
| 260 | |c 2012 | ||
| 300 | |a 192tr. | ||
| 520 | |a TM tài liệu tham khảo tr.183- 188; Gồm 3 chương: Các vấn đề chung về giải phóng mặt bằng và hậu giải phóng mặt bằng; đánh giá những vấn đề gải phóng mặt bằng và hậu giải phóng mặt bằng trên địa bàn Hà Nội; phương hướng và giải pháp nhằm hạn chế và chủ động giải quyết các vấn đề giải phóng mặt bằng và hậu giải phóng mặt bằng ở Hà Nội đến năm 2020, tầm nhìn 2030. | ||
| 650 | |a Giải phóng mặt bằng |x Thực trạng và giải pháp |z Hà Nội. | ||
| 700 | |a Viện Nghiên cứu Phát triển Kinh tế - Xã hội Hà Nội | ||
| 856 | |u http://lrc.tdmu.edu.vn/opac/search/detail.asp?aID=2&ID=16962 | ||
| 980 | |a Trung tâm Học liệu Trường Đại học Thủ Dầu Một | ||